00768nam a2200265 a 4500001001300000003000900013005001700022008004100039020001000080082001800090100001600108245003600124260002700160300000900187500003500196505001000231650002300241650003500264650002600299700001600325902000800341942000700349952013100356999001500487nice12345678IN_TiNIC20260116012849.0050524s1982 dela grp 000 0 eng  ac19500a297.1977bAYO aAyoob, Mohd aPolitics of Islamic Reassertion aDelhibVikas Pubc1982 a298p aincludes index and biblioraphy2 aIndex aIslam and Politics aReligious Fundamentalism-Islam aReligion and Politics1 aAyoob, Mohd bSRS cBK 001040708StackRoom-aHMIbHMId2007-07-03g195.00l1o297.1977 AYOp010323r2019-08-07s2019-08-02v195.00w2005-05-24yBK c8693d8693